|
|
|
|
| LEADER |
02757njm a2200481 a 4500 |
| 001 |
000805815 |
| 003 |
CZ BrMZK |
| 005 |
20201123075149.0 |
| 007 |
sd fsngnnmmned |
| 008 |
060117s2005 xr mu g cze d |
| 028 |
0 |
0 |
|a 610244-2331
|b Tommü Records
|
| 040 |
|
|
|a BOA001
|b cze
|
| 047 |
|
|
|a zz
|a sy
|
| 048 |
|
|
|a sc13
|
| 072 |
|
7 |
|a 787
|x Hudba pro strunné a smyčcové nástroje
|2 Konspekt
|9 9
|
| 080 |
|
|
|a 787.3
|2 MRF
|
| 080 |
|
|
|a (086.76)
|2 MRF
|
| 245 |
0 |
0 |
|a Koncert pro 56 strun
|h [zvukový záznam] :
|b s violoncellem převážně vážně v průběhu čtyř století : od baroka po jazz
|
| 260 |
|
|
|a Starý Jičín :
|b Tommü Records ,
|c 2005
|
| 300 |
|
|
|a 1 zvuková deska (60:49) :
|b digital ;
|c 12 cm +
|e 1 leták (12 x 36 cm)
|
| 306 |
|
|
|a 010049
|
| 500 |
|
|
|a Kompaktní deska
|
| 505 |
0 |
0 |
|t Bohemia rag /
|r Joseph F. Lamb --
|t Hymnus pro 12 violoncell /
|r Július Klengel --
|t Ricercar č. 7 d moll pro sólové violoncello /
|r Domenico Gabrielli --
|t Sonáta č. 4 G dur /
|r Jean Barriere --
|t Sinfonia a tre D dur /
|r Alessandro Stradella --
|t Grave --
|t Allegretto --
|t Harmonie du soir /
|r Jacques Offenbach --
|t Sevilla /
|r Isaac Albeniz --
|t Andante /
|r Sergej Prokofjev --
|t Bachianas brasileiras /
|r Heitor Villa-Lobos --
|t Aria --
|t Danza --
|t Bugatistep /
|r Jaroslav Ježek --
|t Baby elephant walk /
|r Menry Mancini --
|t V domě straší duch /
|r Jaroslav Ježek --
|t Nebe na zemi /
|r Jaroslav Ježek --
|t Entertainer /
|r Scott Joplin
|
| 511 |
0 |
|
|a Hrají členové operního orchestru Nárosního divadla moravskoslezského a členové Janáčkovy filharmonie Ostrava. Sólo soprán: Zuzana Fišerová
|
| 518 |
|
|
|a Nahráno ve studiu Českého rozhlasu Ostrava na jaře 2005
|
| 650 |
0 |
4 |
|a různé hudební formy (violoncello)
|
| 655 |
|
7 |
|a kompaktní desky
|7 fd201991
|2 czenas
|
| 700 |
1 |
|
|a Lamb, Joseph F.
|q (Joseph Francis),
|d 1887-1960
|7 jx20060428002
|4 cmp
|
| 700 |
1 |
|
|a Klengel, Julius,
|d 1859-1933
|7 xx0023131
|4 cmp
|
| 700 |
1 |
|
|a Gabrielli, Domenico,
|d 1659-1690
|7 mzk2003174003
|4 cmp
|
| 700 |
1 |
|
|a Barriere, Jean,
|d 1707-1747
|7 mzk2003206739
|4 cmp
|
| 700 |
1 |
|
|a Stradella, Alessandro,
|d 1642-1682
|7 jn20020903022
|4 cmp
|
| 700 |
1 |
|
|a Offenbach, Jacques,
|d 1819-1880
|7 jn19990006230
|4 cmp
|
| 700 |
1 |
|
|a Albéniz, Isaac,
|d 1860-1909
|7 jn19990000082
|4 cmp
|
| 700 |
1 |
|
|a Prokof‘jev, Sergej Sergejevič,
|d 1891-1953
|7 jn19990210508
|4 cmp
|
| 700 |
1 |
|
|a Villa-Lobos, Heitor,
|d 1887-1959
|7 jn19990008787
|4 cmp
|
| 700 |
1 |
|
|a Ježek, Jaroslav,
|d 1906-1942
|7 jk01051624
|4 cmp
|
| 700 |
1 |
|
|a Mancini, Henry,
|d 1924-1994
|7 ola2002158090
|4 cmp
|
| 700 |
1 |
|
|a Joplin, Scott,
|d 1868-1917
|7 jn20020409005
|4 cmp
|
| 910 |
|
|
|a BOA001
|b CD-0012.902
|
| 990 |
|
|
|a AV
|
| 991 |
|
|
|b 200602
|
| 996 |
6 |
|
|b 261H014187
|c CD-0012.902
|l MZK
|r Sklad / do 24 hodin
|n 1
|w 000805815
|u 000010
|a 1
|e BOA001
|j MZK50
|s P
|